000 01346nam a2200337Ia 4500
001 ebr10726706
003 CaPaEBR
006 m o u
007 cr cn|||||||||
008 130415s2007 dcu sb 000 0 eng d
020 _z9780875904375
020 _z9781118672549
040 _aCaPaEBR
_cCaPaEBR
035 _a(OCoLC)647545509
050 1 4 _aGB1197.7
_b.S83 2007eb
082 0 4 _a551.49
_223
245 0 0 _aSubsurface hydrology
_h[electronic resource] :
_bdata integration for properties and processes /
_cDavid W. Hyndman, Frederick D. Day-Lewis, Kamini Singha, editors.
260 _aWashington, D.C. :
_bAmerican Geophysical Union,
_c2007.
300 _avii, 253 p.
490 0 _aGeophysical monograph series ;
_v171
504 _aIncludes bibliographical references.
533 _aElectronic reproduction.
_bPalo Alto, Calif. :
_cebrary,
_d2013.
_nAvailable via World Wide Web.
_nAccess may be limited to ebrary affiliated libraries.
650 0 _aGroundwater flow
_xMathematical models.
650 0 _aHydrogeology.
655 7 _aElectronic books.
_2local
700 1 _aHyndman, David W.
700 1 _aDay-Lewis, Frederick D.
700 1 _aSingha, Kamini.
710 2 _aebrary, Inc.
856 4 0 _uhttp://site.ebrary.com/lib/rucke/Doc?id=10726706
_zAn electronic book accessible through the World Wide Web; click to view
999 _c38927
_d38927